| 000 -LEADER |
| fixed length control field |
00679nam a2200205 a 4500 |
| 001 - CONTROL NUMBER |
| control field |
:::00000739$&:&@@ |
| 003 - CONTROL NUMBER IDENTIFIER |
| control field |
OkBaRHE |
| 005 - DATE AND TIME OF LATEST TRANSACTION |
| control field |
20000607103239.0 |
| 008 - FIXED-LENGTH DATA ELEMENTS--GENERAL INFORMATION |
| fixed length control field |
j 000 0 eng u |
| 040 ## - CATALOGING SOURCE |
| Transcribing agency |
|
| 100 1# - MAIN ENTRY--PERSONAL NAME |
| Personal name |
Waermo, Einar. |
| 9 (RLIN) |
88 |
| 245 10 - TITLE STATEMENT |
| Title |
I love to sing: |
| Remainder of title |
life experiences of Einar Waermo. |
| 260 ## - PUBLICATION, DISTRIBUTION, ETC. (IMPRINT) |
| Place of publication, distribution, etc |
Altadena, CA., : |
| Name of publisher, distributor, etc |
Einar Waermo |
| 300 ## - PHYSICAL DESCRIPTION |
| Extent |
125 p. : illus. ; |
| Dimensions |
19 cm. |
| 600 ## - SUBJECT ADDED ENTRY--PERSONAL NAME |
| Personal name |
Waermo, Einar. |
| Dates associated with a name |
1901-1983 |
| 9 (RLIN) |
89 |
| 650 ## - SUBJECT ADDED ENTRY--TOPICAL TERM |
| Topical term or geographic name as entry element |
Singers |
| General subdivision |
Biography. |
| 9 (RLIN) |
90 |
| 650 ## - SUBJECT ADDED ENTRY--TOPICAL TERM |
| Topical term or geographic name as entry element |
Evangelistic work. |
| 9 (RLIN) |
22 |
| 942 ## - ADDED ENTRY ELEMENTS (KOHA) |
| Source of classification or shelving scheme |
|
| Koha item type |
Books |